Biblioteca y Centro de Documentación

Nontraditional contexts for learning to teach (Registro nro. 28799)

Detalles MARC
000 -CABECERA
Longitud fija campo de control 00836naa a2200241 c 4500
001 - NÚMERO DE CONTROL
Número de control 28799
003 - IDENTIFICADOR DE NÚMERO DE CONTROL
Identificador del número de control ES-MaCES
005 - FECHA Y HORA DE LA ÚLTIMA TRANSACCIÓN
Fecha y hora de la última transacción 19981124142900.0
008 - CAMPO FIJO DE DESCRIPCIÓN FIJA--INFORMACIÓN GENERAL
Códigos de información de longitud fija   960422n1994 xxu ||| | eng d
035 ## - NÚMERO DE CONTROL DEL SISTEMA
Número de control del sistema CES19980027391v
040 ## - FUENTE DE CATALOGACIÓN
Centro catalogador de origen ES-MaCES
Lengua de catalogación spa
Centro transcriptor ES-MaCES
100 1# - ENCABEZAMIENTO PRINCIPAL--NOMBRE PERSONAL
Nombre de persona Howey, Kenneth R.
9 (RLIN) 14985
245 10 - MENCIÓN DE TÍTULO
Título Nontraditional contexts for learning to teach
Mención de responsabilidad, etc. by Kenneth R. Howey and Nancy L. Zimpher
650 #4 - ASIENTO SECUNDARIO DE MATERIA--TÉRMINO DE MATERIA
Término de materia o nombre geográfico como elemento inicial formación del personal docente
9 (RLIN) 27461
650 #4 - ASIENTO SECUNDARIO DE MATERIA--TÉRMINO DE MATERIA
Término de materia o nombre geográfico como elemento inicial maestro
9 (RLIN) 28489
650 #4 - ASIENTO SECUNDARIO DE MATERIA--TÉRMINO DE MATERIA
Término de materia o nombre geográfico como elemento inicial personal docente
9 (RLIN) 29286
653 10 - TÉRMINO DE INDEXACIÓN--NO CONTROLADO
Término no controlado Educación
700 1# - ENCABEZAMIENTO SECUNDARIO--NOMBRE PERSONAL
Nombre de persona Zimpher, Nancy L.
9 (RLIN) 26591
773 0# - ENTRADA DE DOCUMENTO FUENTE
Título The educational forum
Parte(s) relacionada(s) West Lafayette [E.E.U.U.]. - Vol. 58, no. 2 (Winter 1994) ; p. 155-161
Número de control del registro relacionado (ES-MaCES)25417
902 ## - CES. TIPO DE DOCUMENTO
Tipodoc (006$c Sirtex) ART Artículo de revista
942 ## - ELEMENTOS KOHA
Fuente de clasificaión o esquema Clasificación propia del CES
Koha [por defecto] tipo de item Artículos (1982-2017)
Parte de clasificación 4.0.

No hay ítems disponibles.

© CES, Consejo Económico y Social de España 2021